সংশয়ী রচনা / (Record no. 18379)
[ view plain ]
| 000 -LEADER | |
|---|---|
| fixed length control field | 00962nam a22002177a 4500 |
| 003 - CONTROL NUMBER IDENTIFIER | |
| control field | BDDh-ASL |
| 005 - DATE AND TIME OF LATEST TRANSACTION | |
| control field | 20231015025714.0 |
| 008 - FIXED-LENGTH DATA ELEMENTS--GENERAL INFORMATION | |
| fixed length control field | 200928b1993 ||||| |||| 00| 0 d |
| 020 ## - INTERNATIONAL STANDARD BOOK NUMBER | |
| International Standard Book Number | 9844080061 |
| 040 ## - CATALOGING SOURCE | |
| Original cataloging agency | BDDh-ASL |
| Transcribing agency | BDDh-ASL |
| Modifying agency | BDDh-ASL |
| 041 ## - LANGUAGE CODE | |
| Language code of text/sound track or separate title | Bengali |
| 082 ## - DEWEY DECIMAL CLASSIFICATION NUMBER | |
| Classification number | 323.44 |
| Item number | RAS |
| 100 ## - MAIN ENTRY--PERSONAL NAME | |
| 9 (RLIN) | 665 |
| Personal name | রাসেল, বার্ট্রান্ড |
| 245 #0 - TITLE STATEMENT | |
| Title | সংশয়ী রচনা / |
| Statement of responsibility, etc. | বার্ট্রান্ড রাসেল; আহমদ ছফা (অনু.)। |
| 246 ## - VARYING FORM OF TITLE | |
| Title proper/short title | Sangsoye Rachana. |
| 260 ## - PUBLICATION, DISTRIBUTION, ETC. | |
| Place of publication, distribution, etc. | ঢাকা: |
| Name of publisher, distributor, etc. | খান ব্রার্দাস এ্যাণ্ড কোম্পানি, |
| Date of publication, distribution, etc. | ১৯৯৩। |
| 300 ## - PHYSICAL DESCRIPTION | |
| Extent | ১৭২ পৃষ্ঠা: |
| Dimensions | ২২ সে. মি.। |
| 650 #0 - SUBJECT ADDED ENTRY--TOPICAL TERM | |
| 9 (RLIN) | 1229 |
| Topical term or geographic name entry element | রাষ্ট্র ও সরকার |
| General subdivision | জনগণের সাথে রাষ্ট্রের সম্পর্ক |
| 700 #0 - ADDED ENTRY--PERSONAL NAME | |
| 9 (RLIN) | 1228 |
| Personal name | ছফা, আহমদ |
| 942 ## - ADDED ENTRY ELEMENTS (KOHA) | |
| Source of classification or shelving scheme | Dewey Decimal Classification |
| Koha item type | Books |
| Withdrawn status | Lost status | Source of classification or shelving scheme | Damaged status | Not for loan | Collection code | Home library | Current library | Shelving location | Date acquired | Source of acquisition | Total Checkouts | Full call number | Barcode | Date last seen | Copy number | Price effective from | Koha item type |
|---|---|---|---|---|---|---|---|---|---|---|---|---|---|---|---|---|---|
| Dewey Decimal Classification | Non-fiction | Asiatic Society Library | Asiatic Society Library | General Stacks | 09/28/2020 | Donated by Professor Husniara Huq | 323.44 RAS | 101565 | 09/28/2020 | C-1 | 09/28/2020 | Books |